000 01835nam a2200505 i 4500
001 2002
003 KOSZ 005
005 20200701110254.0
008 200421s1972 pl a f 000 0 pol
015 _aUWD 1972/9213
035 _a991034628789705066
035 _a(PL-WaBN)b19321855-48omnis_nlop
035 _ab19321855
035 _a(OCoLC)838876198
035 _a(PL)b0000001932185
035 _a(EXLNZ-48OMNIS_NETWORK)9910137707305606
040 _aWA N
_cWA N
_dKOSZ 005/RW
046 _k1972
080 _a531
245 0 0 _aZbiór zadań z mechaniki ogólnej :
_bpraca zbiorowa.
_nT. 1,
_pStatyka /
_cpod redakcją Jerzego Leyki i Jana Szmeltera ; [autorzy Jerzy Gluza et al.].
250 _aWydanie 9.
260 _aWarszawa :
_bPaństwowe Wydawnictwo Naukowe,
_c1972.
300 _a209, [2] stron :
_bilustracje ;
_c24 cm.
336 _aTekst
_btxt
_2rdacontent
337 _aBez urządzenia pośredniczącego
_bn
_2rdamedia
338 _aWolumin
_bnc
_2rdacarrier
380 _aKsiążki
380 _aPublikacje dydaktyczne
388 _a1901-2000
388 _a1945-1989
650 7 _aMechanika
_2DBN
650 7 _aStatyka
_2DBN
655 7 _aĆwiczenia i zadania dla szkół wyższych
_2DBN
655 7 _aPraca zbiorowa
658 _aInżynieria i technika
700 1 _aGluza, Jerzy
_d(1924-1985)
_eAutor
700 1 _aNiezgodziński, Michał Edward
_d(1919-2010)
_eAutor
700 1 _aWalczak, Władysław
_eAutor
700 1 _aLeyko, Jerzy
_d(1918-1995)
_eRedakcja
700 1 _aSzmelter, Jan
_d(1920-1978)
_eRedakcja
710 2 _aPaństwowe Wydawnictwo Naukowe
_4pbl
856 _uhttp://koha.tu.koszalin.pl/cgi-bin/koha/opac-detail.pl?biblionumber=2002
_yKatalog online BPK
942 _2UKD
_cKS
999 _c2002
_d2002